| 000 | 00627nam a22001817a 4500 | ||
|---|---|---|---|
| 005 | 20251108171023.0 | ||
| 008 | 250721s1983 xx 000 0 ara d | ||
| 082 | 1 | 4 | _a371.39/ناص |
| 100 | 1 | _aعبد العزيز، ناصف مصطفى | |
| 245 | 1 | 0 | _aالألعاب اللغوية في تعليم اللغات الأجنبية مع أمثلة لتعليم العربية لغير الناطقين بها / |
| 264 | 1 |
_aالرياض : _bدار المريخ للنشر، _c1983. |
|
| 300 | _a239ص | ||
| 650 | 1 | 7 | _aاللغات |
| 650 | 1 | 7 | _aالتعلم |
| 650 | 1 | 7 | _aالتربية |
| 942 |
_2ddc _cBK |
||
| 999 |
_c54541 _d54541 |
||